Ιστορία της χημείας

Αποθηκεύτηκε σε:
Λεπτομέρειες βιβλιογραφικής εγγραφής
Κύριος συγγραφέας: Leicester, Henry Marshall, 1906-
Μορφή: Βιβλίο
Γλώσσα:Greek
English
Δημοσίευση: [Αθήνα] : Τροχαλία, 1993.
Θέματα:
Ετικέτες: Προσθήκη ετικέτας
Δεν υπάρχουν, Καταχωρήστε ετικέτα πρώτοι!

MARC

LEADER 00000cam a2200000 i 4500
001 1/82905
008 960903s1993 gr | ||| |||| ||gre||
020 |a 9607022424 
035 |a 1995  |b 1  |c Χατζηνικήτα  |l 10034062 
040 |a GR-MY-UA  |b gre  |e aacr 
041 1 |a gre  |h eng 
082 7 |a 540.9   |2 (22) 
100 1 |a Leicester, Henry Marshall,   |d 1906- 
245 1 0 |a Ιστορία της χημείας /   |c Henry M.Leicester ; μετάφραση: Γεώργιος Γεωργακόπουλος.  
260 |a [Αθήνα] :   |b Τροχαλία,   |c 1993.  
300 |a 327 σ. ;   |c 24 εκ.  
504 |a Περιλαμβάνει βιβλιογραφικό οδηγό και ευρετήριο. 
500 |a Τίτλος πρωτοτύπου: The historical background of chemistry.  
650 0 0 |a Chemistry  |x History. 
852 |a INST  |b RHODES  |e 19960903  |h 540.9 LEI  |p 005400007120  |q 005400007120  |t BK  |y 0 
909 |a Ρ  |b 040098 
970 |z 2000/07